Normal view
MARC view
Entry Personal Name
001 - CONTROL NUMBER
- control field: 1737
003 - CONTROL NUMBER IDENTIFIER
- control field: ARRUPE
005 - DATE AND TIME OF LATEST TRANSACTION
- control field: 20130930171948.0
008 - FIXED-LENGTH DATA ELEMENTS
- fixed length control field: 130930|| aca||aabn | a|a d
040 ## - CATALOGING SOURCE
- Original cataloging agency: ARRUPE
- Transcribing agency: ARRUPE
100 ## - HEADING--PERSONAL NAME
- Personal name: Caraman, Philip,
- Dates associated with a name: 1911-1998.
670 ## - SOURCE DATA FOUND
- Source citation: Work cat.: (ARRUPE)0: Caraman, Philip, 1911-1998., The lost empire :, 1985.